Normal view
MARC view
- SAMPAK International Pvt Ltd
Entry Personal Name
001 - CONTROL NUMBER
- control field: 47210
003 - CONTROL NUMBER IDENTIFIER
- control field: NUST
005 - DATE AND TIME OF LATEST TRANSACTION
- control field: 20210314133741.0
008 - FIXED-LENGTH DATA ELEMENTS
- fixed length control field: 210314|| aca||aabn | a|a d
040 ## - CATALOGING SOURCE
- Original cataloging agency: NUST
- Transcribing agency: NUST
100 ## - HEADING--PERSONAL NAME
- Personal name: SAMPAK International Pvt Ltd
670 ## - SOURCE DATA FOUND
- Source citation: Work cat.: (NUST): SAMPAK International Pvt Ltd, Manual for quarry materials in Pakistan
